=LDR 00000nam 2200000 4500 =001 NUTBA000000000004268 =005 20140910092302.0 =006 =007 =008 =020 ##$$a 979-28-1049-3 =035 ##$$0010-091400000000301 =040 ##$$a NBPDMAT =082 ##$$a 540.76 =084 ##$$a 540.76 Ani k =100 ##$$a Anis Dyah Rufaida =245 ##$$a Kimia Untuk SMA/MA Kelas X Semester 1 / $c Anis Dyah Rufaida =250 ##$$a Cet. 1 =260 ##$$a Klaten : $b Intan Pariwara, $c 2010 =300 ##$$a108 hlm. : $b ilus. ; $c 29 cm. =500 ##$$a Bibliografi : hlm. 108 =650 ##$$a Kimia-SMA-soal =990 ##$$a 21411102 =990 ##$$a 0001/BPAP-NTB/2015 =990 ##$$a 0001/BPAP-NTB/2015